Municipios de Aguascalientes - Estadísticas

Estadísticas generales
  • Esta prueba ha sido intentada 40 veces
  • La puntuación promedio es 8 de 11
Estadísticas de respuestas
Pista Respuesta % Correcto
Más sur Aguascalientes
100%
Más oeste Calvillo
90%
Centro Jesús María
76%
Centro San Francisco de los Romo
76%
Este Asientos
67%
Oeste San José de Gracia
67%
Norte Tepezalá
67%
Más norte Cosío
62%
Centro Pabellón de Arteaga
62%
Más este El Llano
57%
Norte Rincón de Romos
57%
No se encontraron pruebas coincidentes
Distribución de puntuación
Porcentaje de gente con cada puntuación
Porcentaje por número respondido
Historial de tus puntuaciones
No has intentado esta prueba.